Phát triển đội ngũ cán bộ quản lý trường Trung học phổ thông ở tỉnh Vĩnh Long Luận văn thạc sĩ Khoa học Giáo dục. Chuyên ngành: Quản lý Giáo dục. Mã số: 8.14.01.14

Salvato in:
Dettagli Bibliografici
Autore principale: Nguyễn, Ngọc Được
Altri autori: Nguyễn, Văn Đệ (Hướng dẫn)
Natura: Multimedia Libro
Pubblicazione: Đồng Tháp Đại học Đồng Tháp 2019
Soggetti:
Tags: Aggiungi Tag
Nessun Tag, puoi essere il primo ad aggiungerne! !
Thư viện lưu trữ: Trung tâm Học liệu Lê Vũ Hùng, Trường Đại học Đồng Tháp
LEADER 01213ppm a22002418a 4500
001 00045252
005 20191213161214.0
008 170228s2013 ||||||Viesd
041 0 # |a Vie 
082 1 4 |a 373.11  |b PH110TR 
100 1 # |a Nguyễn, Ngọc Được 
245 0 0 |c Nguyễn Ngọc Được; Nguyễn Văn Đệ (hướng dẫn)  |b Luận văn thạc sĩ Khoa học Giáo dục. Chuyên ngành: Quản lý Giáo dục. Mã số: 8.14.01.14  |a Phát triển đội ngũ cán bộ quản lý trường Trung học phổ thông ở tỉnh Vĩnh Long 
260 # # |a Đồng Tháp  |b Đại học Đồng Tháp  |c 2019 
300 # # |a 108 tr. + phụ lục  |c 30 cm.  |e 1 bản tóm tắt + 1 CD 
500 # # |a ĐTTS ghi: Bộ giáo dục và đào tạo. Trường Đại học Đồng Tháp 
653 # # |a Cán bộ quản lý 
653 # # |a Luận văn 
653 # # |a Quản lý giáo dục 
653 # # |a Trung học phổ thông 
653 # # |a Vĩnh Long 
700 1 # |a Nguyễn, Văn Đệ  |e Hướng dẫn 
852 # # |j LV.0002608  |j LV.0002607 
980 # # |a Trung tâm Học liệu Lê Vũ Hùng, Trường Đại học Đồng Tháp